[Event "Basel Easter op"]
[Site "Basel"]
[Date "2024.04.01"]
[Round "8"]
[White "Joie, Sebastien"]
[Black "Rohit, Krishna S"]
[Result "1/2-1/2"]
[WhiteElo "2385"]
[BlackElo "2410"]
[PlyCount "102"]
[EventDate "2024.03.28"]
[EventType "swiss"]
[EventRounds "9"]
[EventCountry "SUI"]
[SourceTitle "CB14_2024"]
[SourceDate "2024.04.01"]
[SourceVersion "1"]
[SourceVersionDate "2024.04.01"]
[SourceQuality "1"]

1. e4 e5 2. Nf3 Nc6 3. Bb5 a6 4. Ba4 Nf6 5. 0-0 Be7 6. Bxc6 dxc6 7. d3 Nd7 8. Nc3 0-0 9. Be3 Bd6 10. Nd2 Nc5 11. Nc4 Ne6 12. Nxd6 cxd6 13. d4 exd4 14. Bxd4 f5 15. exf5 Rxf5 16. Be3 d5 17. Ne2 Qh4 18. Ng3 Rf7 19. c3 Bd7 20. Qb3 b5 21. a4 Qc4 22. Qa3 c5 23. axb5 Qxb5 24. Rfd1 Bc6 25. Qa5 Qxb2 26. Rdb1 Qc2 27. Rb6 Bd7 28. Rc1 Qd3 29. Bxc5 Rc8 30. Be3 d4 31. Rd6 Bb5 32. Qa1 dxe3 33. Rxd3 exf2+ 34. Kh1 Bxd3 35. Nf1 Nf4 36. Rd1 Re8 37. h3 Be4 38. Qxa6 Bxg2+ 39. Kh2 Bxh3 40. Rd2 Rf6 41. Qb5 Ref8 42. Rxf2 Rh6 43. Kg1 Rg6+ 44. Kh2 Rh6 45. Kg1 Rg6+ 46. Kh2 Bc8 47. Kh1 Be6 48. c4 Rf5 49. Qe8+ Rf8 50. Qb5 Rf5 51. Qe8+ Rf8 1/2-1/2

[Event "Titled Tuesday intern op 06th Feb Early"]
[Site "Chess.com INT"]
[Date "2024.02.06"]
[Round "3"]
[White "Raja, Rithvik R"]
[Black "Joie, Sebastien"]
[Result "1-0"]
[WhiteElo "2532"]
[BlackElo "2378"]
[PlyCount "49"]
[EventDate "2024.02.06"]
[EventType "swiss (blitz)"]
[EventRounds "11"]
[EventCountry "USA"]
[SourceTitle "CB07_2024"]
[SourceDate "2024.02.14"]
[SourceVersion "1"]
[SourceVersionDate "2024.02.14"]
[SourceQuality "1"]

1. a3 d5 2. c3 Nf6 3. Nf3 g6 4. d4 Bg7 5. Bf4 0-0 6. Nbd2 c5 7. e3 b6 8. h3 Nc6 9. b4 c4 10. Be2 Re8 11. 0-0 Nh5 12. Bh2 e5 13. Nxe5 Nxe5 14. dxe5 Bxe5 15. Bxh5 gxh5 16. Bxe5 Rxe5 17. Nxc4 Rg5 18. f4 Rg7 19. Rf3 Bxh3 20. Rxh3 dxc4 21. Rxh5 Qe7 22. Re5 Qh4 23. Qd5 Rd8 24. Rd1 Rxd5 25. Re8# 1-0

[Event "Rome City op 5th"]
[Site "Rome"]
[Date "2023.12.09"]
[Round "8"]
[White "Joie, Sebastien"]
[Black "Priyanka, Nutakki"]
[Result "0-1"]
[WhiteElo "2400"]
[BlackElo "2267"]
[PlyCount "128"]
[EventDate "2023.12.04"]
[EventType "swiss"]
[EventRounds "9"]
[EventCountry "ITA"]
[SourceTitle "CB50_2023"]
[SourceDate "2023.12.13"]
[SourceVersion "1"]
[SourceVersionDate "2023.12.13"]
[SourceQuality "1"]

1. e4 e5 2. Nc3 Nf6 3. Nf3 Nc6 4. h3 d5 5. exd5 Nxd5 6. Bb5 Nxc3 7. bxc3 Bd6 8. 0-0 0-0 9. Re1 Qf6 10. d4 exd4 11. cxd4 Bf5 12. Rb1 Nb4 13. Rb2 Nd5 14. Rb3 a6 15. Bf1 b5 16. g4 Bc8 17. Ne5 Be6 18. Bg2 Rae8 19. Rf3 Qd8 20. Nxf7 Rxf7 21. Rxe6 Rxe6 22. Rxf7 Kxf7 23. Bxd5 Bh2+ 24. Kxh2 Qxd5 25. Be3 Kg8 26. Qd3 Qxa2 27. d5 Re5 28. Bd4 Re8 29. Qf5 Qa3 30. Be5 Qc5 31. Bg3 Rd8 32. Bh4 Qd6+ 33. Kg1 Rf8 34. Qe4 Qd7 35. c4 Re8 36. Qd3 bxc4 37. Qxc4 Qb5 38. Qa2 Re2 39. Qa1 Qxd5 40. Qxa6 Re1+ 41. Kh2 h6 42. Qc8+ Kh7 43. Qxc7 Qe4 44. Bf6 Rh1+ 45. Kg3 Rg1+ 46. Kh4 Qg6 47. Be7 Qf7 48. f4 Qe6 49. Qd6 Qxd6 50. Bxd6 g6 51. Bf8 Rg2 52. Bc5 Kg7 53. Bd4+ Kg8 54. Be5 Rg1 55. Bd4 Rd1 56. Be5 Rd3 57. Bb2 Kf7 58. Be5 Rf3 59. Bd6 Ke6 60. Bb4 Rxf4 61. Bd2 g5+ 62. Kg3 Rd4 63. Bc1 Rd3+ 64. Kg2 Rc3 0-1

[Event "Titled Tuesday intern op 26th Sep Early"]
[Site "Chess.com INT"]
[Date "2023.09.26"]
[Round "6"]
[White "Joie, Sebastien"]
[Black "Pourkashiyan, Atousa"]
[Result "1-0"]
[WhiteElo "2399"]
[BlackElo "2288"]
[PlyCount "39"]
[EventDate "2023.09.26"]
[EventType "swiss (blitz)"]
[EventRounds "11"]
[EventCountry "USA"]
[SourceTitle "EXT 2024"]
[Source "ChessBase"]
[SourceDate "2023.10.10"]
[SourceVersion "1"]
[SourceVersionDate "2023.10.10"]
[SourceQuality "1"]

1. d4 Nf6 2. c4 e6 3. Nc3 Bb4 4. Qc2 0-0 5. e4 d5 6. e5 Ne4 7. Bd3 c5 8. Nf3 cxd4 9. Nxd4 Nd7 10. Bf4 Qh4 11. g3 Qh5 12. 0-0 Bxc3 13. bxc3 g5 14. cxd5 exd5 15. g4 Qxg4+ 16. Bg3 Nxg3 17. fxg3 Nxe5 18. Bxh7+ Kg7 19. Rae1 f6 20. Rxe5 1-0

[Event "Titled Tuesday intern op 26th Sep Early"]
[Site "Chess.com INT"]
[Date "2023.09.26"]
[Round "8"]
[White "Joie, Sebastien"]
[Black "Srihari, LR."]
[Result "0-1"]
[WhiteElo "2399"]
[BlackElo "2444"]
[PlyCount "66"]
[EventDate "2023.09.26"]
[EventType "swiss (blitz)"]
[EventRounds "11"]
[EventCountry "USA"]
[SourceTitle "EXT 2024"]
[Source "ChessBase"]
[SourceDate "2023.10.10"]
[SourceVersion "1"]
[SourceVersionDate "2023.10.10"]
[SourceQuality "1"]

1. d4 d5 2. c4 e6 3. Nc3 Nf6 4. Nf3 dxc4 5. e3 a6 6. a4 b6 7. Bxc4 Bb7 8. 0-0 Bb4 9. Qe2 0-0 10. Rd1 Qe7 11. Bd2 Nbd7 12. Be1 Rfd8 13. Rac1 Nf8 14. Ne5 Ng6 15. Nxg6 hxg6 16. f3 c5 17. Bf2 cxd4 18. exd4 a5 19. Nb5 Nd5 20. Bxd5 Bxd5 21. Rc7 Rd7 22. Rdc1 Rad8 23. Rxd7 Rxd7 24. Rc8+ Rd8 25. Rc7 Qf6 26. Qe5 Bb3 27. Qe4 Bxa4 28. Na7 Qf5 29. Qxf5 gxf5 30. d5 Rxd5 31. Bxb6 Rd1+ 32. Kf2 Rd2+ 33. Kg3 Bd6+ 0-1

[Event "Titled Tuesday intern op 26th Sep Early"]
[Site "Chess.com INT"]
[Date "2023.09.26"]
[Round "7"]
[White "Rakhmatullaev, Almas"]
[Black "Joie, Sebastien"]
[Result "1/2-1/2"]
[WhiteElo "2384"]
[BlackElo "2399"]
[PlyCount "167"]
[EventDate "2023.09.26"]
[EventType "swiss (blitz)"]
[EventRounds "11"]
[EventCountry "USA"]
[SourceTitle "EXT 2024"]
[Source "ChessBase"]
[SourceDate "2023.10.10"]
[SourceVersion "1"]
[SourceVersionDate "2023.10.10"]
[SourceQuality "1"]

1. e4 c5 2. Nf3 Nc6 3. Bb5 g6 4. Bxc6 dxc6 5. d3 Bg7 6. h3 e5 7. Be3 b6 8. a4 a5 9. Nbd2 Ba6 10. 0-0 f6 11. Nh2 Nh6 12. f4 exf4 13. Rxf4 0-0 14. Qe2 f5 15. Raf1 Bxb2 16. exf5 Nxf5 17. g4 Be5 18. gxf5 Bxf4 19. Bxf4 Qd4+ 20. Be3 Qe5 21. Ng4 Qg3+ 22. Qg2 Qxg2+ 23. Kxg2 gxf5 24. Nh6+ Kg7 25. Nxf5+ Kg6 26. Nh4+ Kh5 27. Ndf3 Rae8 28. Kf2 c4 29. Rg1 Rg8 30. Rxg8 Rxg8 31. Nf5 cxd3 32. cxd3 b5 33. Ng3+ Kg6 34. Ne5+ Kf6 35. Nd7+ Ke7 36. Nc5 Ra8 37. Nf5+ Kf6 38. Nd4 bxa4 39. Nxa4 Bxd3 40. Nc5 Bb5 41. Nd7+ Ke7 42. Nb6 Rf8+ 43. Ke1 a4 44. Nxb5 Rf3 45. Bc5+ Kf6 46. Nd4 Rxh3 47. Nxa4 Ke5 48. Nxc6+ Kd5 49. Ne7+ Ke6 50. Nc8 Rb3 51. Nab6 Rb1+ 52. Kd2 Rb5 53. Be3 h5 54. Kc3 Re5 55. Bd4 Ra5 56. Nc4 Rd5 57. N8b6 Rg5 58. Be3 Rg3 59. Kd3 h4 60. Ke4 Rg4+ 61. Bf4 Kf6 62. Ne3 Rg1 63. Nbd5+ Kg6 64. Kf3 Kh5 65. Nf6+ Kg6 66. Nfg4 Ra1 67. Nf2 Kh5 68. Nh3 Ra3 69. Bh2 Rb3 70. Nf4+ Kg5 71. Bg1 Rb1 72. Bf2 Rb3 73. Nh3+ Kh5 74. Kg2 Ra3 75. Nf5 Kg4 76. Ne3+ Kh5 77. Ng1 Rb3 78. Nf3 Ra3 79. Nf5 h3+ 80. Kg3 h2 81. Kxh2 Rxf3 82. Ng3+ Kg4 83. Kg2 Rxf2+ 84. Kxf2 1/2-1/2

[Event "Titled Tuesday intern op 26th Sep Early"]
[Site "Chess.com INT"]
[Date "2023.09.26"]
[Round "5"]
[White "Timofeev, Artyom"]
[Black "Joie, Sebastien"]
[Result "1-0"]
[WhiteElo "2576"]
[BlackElo "2399"]
[PlyCount "97"]
[EventDate "2023.09.26"]
[EventType "swiss (blitz)"]
[EventRounds "11"]
[EventCountry "USA"]
[SourceTitle "EXT 2024"]
[Source "ChessBase"]
[SourceDate "2023.10.10"]
[SourceVersion "1"]
[SourceVersionDate "2023.10.10"]
[SourceQuality "1"]

1. c4 e6 2. Nf3 d5 3. e3 Nf6 4. b3 Be7 5. Bb2 0-0 6. d4 b6 7. Bd3 Bb7 8. 0-0 c5 9. dxc5 bxc5 10. Qe2 Nc6 11. cxd5 exd5 12. Rd1 Qc8 13. Nc3 d4 14. Ne4 Nxe4 15. Bxe4 dxe3 16. Qxe3 Qe6 17. Re1 Rfe8 18. Qf4 Qh6 19. Qxh6 gxh6 20. Rad1 Bf8 21. Ne5 Na5 22. Nd7 Bg7 23. Bxg7 Kxg7 24. Nxc5 Bxe4 25. Nxe4 Nc6 26. Kf1 Nb4 27. Rd2 Re6 28. a3 Na6 29. b4 Rae8 30. Rde2 Nc7 31. Nc3 Rxe2 32. Rxe2 Rd8 33. Re3 Ne6 34. g3 Rc8 35. Ke2 Nd4+ 36. Kd3 Ne6 37. Re1 Rd8+ 38. Kc4 Rc8+ 39. Kd3 Rd8+ 40. Ke3 Rc8 41. Nd5 Rc4 42. Rd1 a5 43. b5 Rc5 44. a4 Rc4 45. Nb6 Rb4 46. Rd5 Kf6 47. f4 Rb3+ 48. Rd3 Rb4 49. Nd5+ 1-0

[Event "Titled Tuesday intern op 19th Sep Late"]
[Site "Chess.com INT"]
[Date "2023.09.19"]
[Round "2"]
[White "Joie, Sebastien"]
[Black "Dardha, Daniel"]
[Result "0-1"]
[WhiteElo "2399"]
[BlackElo "2586"]
[PlyCount "70"]
[EventDate "2023.09.19"]
[EventType "swiss (blitz)"]
[EventRounds "11"]
[EventCountry "USA"]
[SourceTitle "EXT 2024"]
[Source "ChessBase"]
[SourceDate "2023.10.10"]
[SourceVersion "1"]
[SourceVersionDate "2023.10.10"]
[SourceQuality "1"]

1. d4 Nf6 2. c4 e5 3. dxe5 Ng4 4. Nf3 Nc6 5. a3 Bc5 6. e3 a5 7. b3 Ngxe5 8. Bb2 d6 9. Be2 Qf6 10. Ra2 Qg6 11. 0-0 Bh3 12. Ne1 0-0 13. Nd2 Bf5 14. Nef3 Nxf3+ 15. Bxf3 Bc2 16. Qc1 Bd3 17. Re1 Rab8 18. e4 Ne5 19. Bxe5 dxe5 20. Qc3 Rbd8 21. Qxe5 Qb6 22. Nf1 Rfe8 23. Qg5 Qxb3 24. Qxc5 Qxa2 25. Ne3 Bxe4 26. Bxe4 Rxe4 27. Qxc7 Ree8 28. Qxa5 Qd2 29. Qxd2 Rxd2 30. Rb1 Ra2 31. g3 Re7 32. Rb3 h5 33. Nd5 Re1+ 34. Kg2 Ree2 35. Rf3 Rab2 0-1

[Event "Titled Tuesday intern op 19th Sep Late"]
[Site "Chess.com INT"]
[Date "2023.09.19"]
[Round "4"]
[White "Sultanbek, Zeinep"]
[Black "Joie, Sebastien"]
[Result "0-1"]
[WhiteElo "2022"]
[BlackElo "2399"]
[PlyCount "60"]
[EventDate "2023.09.19"]
[EventType "swiss (blitz)"]
[EventRounds "11"]
[EventCountry "USA"]
[SourceTitle "EXT 2024"]
[Source "ChessBase"]
[SourceDate "2023.10.10"]
[SourceVersion "1"]
[SourceVersionDate "2023.10.10"]
[SourceQuality "1"]

1. d4 d5 2. c4 e6 3. Nf3 Nf6 4. g3 Be7 5. Bg2 0-0 6. 0-0 c6 7. Qc2 b6 8. Bf4 Bb7 9. Rd1 Na6 10. a3 c5 11. Nc3 dxc4 12. dxc5 Qc8 13. cxb6 axb6 14. Nb5 Nd5 15. Bd6 Qc6 16. Nfd4 Qe8 17. e4 Nf6 18. e5 Nd5 19. Qxc4 Rc8 20. Qe2 Nc5 21. Bxe7 Qxe7 22. Nd6 Ba6 23. Nxc8 Rxc8 24. Qe1 Nd3 25. Qd2 Nxe5 26. Bxd5 exd5 27. Nf5 Nf3+ 28. Kg2 Qe4 29. Qxd5 Ne1+ 30. Kh3 Bf1# 0-1

[Event "SUI-chT"]
[Site "Switzerland"]
[Date "2023.08.27"]
[Round "7.1"]
[White "Joie, Sebastien"]
[Black "Bogner, Sebastian"]
[Result "1/2-1/2"]
[WhiteElo "2347"]
[BlackElo "2521"]
[PlyCount "100"]
[EventDate "2023.04.16"]
[EventType "team-tourn"]
[EventRounds "9"]
[EventCountry "SUI"]
[SourceTitle "EXT 2024"]
[Source "ChessBase"]
[SourceDate "2023.10.10"]
[SourceVersion "1"]
[SourceVersionDate "2023.10.10"]
[SourceQuality "1"]
[WhiteTeam "Nyon"]
[BlackTeam "Reti"]
[WhiteTeamCountry "SUI"]
[BlackTeamCountry "SUI"]

1. e4 c5 2. Nf3 d6 3. d4 cxd4 4. Nxd4 Nf6 5. Nc3 a6 6. Bd3 e5 7. Nde2 Be7 8. 0-0 0-0 9. h3 b5 10. Be3 Nbd7 11. b4 Bb7 12. a4 bxa4 13. Rxa4 Nb6 14. Bxb6 Qxb6 15. Qa1 Rfc8 16. Rb1 g6 17. Qa2 Kg7 18. Ra1 Bc6 19. Ra5 Bd8 20. Qa3 Rcb8 21. Rb1 Bb7 22. Qc1 Qc6 23. Ra3 Bc8 24. Ng3 a5 25. bxa5 Bxa5 26. Rxb8 Rxb8 27. Rxa5 Qxc3 28. Qa1 Qd2 29. Ra8 Rxa8 30. Qxa8 Qe1+ 31. Kh2 Bxh3 32. Kxh3 Qxf2 33. Qa1 Qe3 34. Kh2 Ng4+ 35. Kh3 Nf2+ 36. Kh2 Ng4+ 37. Kh3 h5 38. Qf1 Nf2+ 39. Kh2 Ng4+ 40. Kh3 h4 41. Qf3 Nf2+ 42. Kxh4 Qd2 43. Be2 Qh6+ 44. Nh5+ Qxh5+ 45. Qxh5 gxh5 46. Bf3 Kh6 47. Kg3 Nh1+ 48. Kh2 Nf2 49. Kg3 Nh1+ 50. Kh2 Nf2 1/2-1/2

[Event "SUI-ch op 122nd"]
[Site "Leukerbad"]
[Date "2023.07.22"]
[Round "8"]
[White "Joie, Sebastien"]
[Black "Schlegel, Igor"]
[Result "1-0"]
[WhiteElo "2379"]
[BlackElo "2298"]
[PlyCount "41"]
[EventDate "2023.07.07"]
[EventType "swiss"]
[EventRounds "9"]
[EventCountry "SUI"]
[SourceTitle "EXT 2024"]
[Source "ChessBase"]
[SourceDate "2023.10.10"]
[SourceVersion "1"]
[SourceVersionDate "2023.10.10"]
[SourceQuality "1"]

1. e4 c5 2. Nc3 Nc6 3. Bb5 Nd4 4. Nf3 e6 5. 0-0 a6 6. Bd3 Nc6 7. b3 Bd6 8. Bb2 Nge7 9. e5 Bxe5 10. Nxe5 Nxe5 11. Ne4 N7g6 12. f4 Nxd3 13. Bxg7 Rg8 14. Bf6 Qc7 15. cxd3 Nxf4 16. Rxf4 Qxf4 17. Qh5 d6 18. Qxh7 Qg4 19. Bg5 Kf8 20. Rf1 f5 21. Qe7# 1-0

[Event "Bern op"]
[Site "Bern"]
[Date "2023.05.21"]
[Round "7"]
[White "Schweizer, Samuel"]
[Black "Joie, Sebastien"]
[Result "0-1"]
[WhiteElo "1990"]
[BlackElo "2353"]
[PlyCount "66"]
[EventDate "2023.05.18"]
[EventType "swiss"]
[EventRounds "7"]
[EventCountry "SUI"]
[SourceTitle "CBM 214 Extra"]
[Source "ChessBase"]
[SourceDate "2023.07.31"]
[SourceVersion "1"]
[SourceVersionDate "2023.07.31"]
[SourceQuality "1"]

1. e4 c5 2. Nf3 e6 3. d4 cxd4 4. Nxd4 a6 5. Bd3 Bc5 6. Nb3 Ba7 7. Qg4 Nf6 8. Qg3 d6 9. N1d2 Nc6 10. Nc4 Bb8 11. f4 d5 12. Ne5 dxe4 13. Qxg7 Rf8 14. Be2 Nxe5 15. fxe5 Bxe5 16. Qg5 Qc7 17. Qh4 Qxc2 18. Bg5 Nd5 19. Rc1 Qxb2 20. Qxe4 Bc3+ 21. Kf2 Bf6 22. Bh6 Rg8 23. Rhd1 Qe5 24. Qf3 Qxh2 25. Rxd5 Bh4+ 26. Ke3 exd5 27. Bf4 Bg5 28. Bxg5 Rxg5 29. Kd2 Qg3 30. Qf6 Qe5 31. Bb5+ axb5 32. Re1 Rxa2+ 33. Kd3 Rg3+ 0-1

[Event "Titled Tuesday intern op 28th Jun Early"]
[Site "Chess.com INT"]
[Date "2022.06.28"]
[Round "2"]
[White "Joie, Sebastien"]
[Black "Schmakel, Sam A"]
[Result "1/2-1/2"]
[WhiteElo "2373"]
[BlackElo "2415"]
[PlyCount "113"]
[EventDate "2022.06.28"]
[EventType "swiss (blitz)"]
[EventRounds "11"]
[EventCountry "USA"]
[SourceTitle "CBM 209 Extra"]
[Source "ChessBase"]
[SourceDate "2022.09.30"]
[SourceVersion "1"]
[SourceVersionDate "2022.09.30"]
[SourceQuality "1"]

1. Nf3 Nf6 2. g3 g6 3. b3 Bg7 4. Bb2 0-0 5. Bg2 d6 6. d4 c5 7. c4 Ne4 8. 0-0 Nc6 9. a3 Bf5 10. Ra2 Qb6 11. d5 Bxb2 12. Rxb2 Na5 13. Nfd2 Nxd2 14. Nxd2 Rac8 15. e4 Bd7 16. Qc2 Qc7 17. Qc3 b5 18. f4 Qb6 19. Kh1 b4 20. axb4 cxb4 21. Qf3 Nb7 22. e5 Nc5 23. Ne4 a5 24. h4 a4 25. bxa4 Nxa4 26. Rb3 Rxc4 27. exd6 Bf5 28. dxe7 Re8 29. Nd2 Rc3 30. Rxc3 bxc3 31. Nc4 Qc5 32. Ne3 Rxe7 33. Nxf5 gxf5 34. d6 Ra7 35. d7 Qc7 36. Rd1 Qd8 37. Qc6 c2 38. Qxc2 Nb6 39. Qxf5 Rxd7 40. Rxd7 Nxd7 41. h5 h6 42. Qd5 Qe7 43. Kh2 Nf6 44. Qf5 Kg7 45. g4 Qe1 46. Bf3 Qf2+ 47. Bg2 Qh4+ 48. Bh3 Qf2+ 49. Bg2 Qe2 50. Kg3 Qe1+ 51. Kh2 Qe2 52. Kg3 Qe3+ 53. Bf3 Qg1+ 54. Bg2 Qe1+ 55. Kh2 Qh4+ 56. Bh3 Qf2+ 57. Bg2 1/2-1/2